|
|
|
|
| LEADER |
01392nam a2200349 a 4500 |
| 001 |
44514 |
| 003 |
BD-DhAAL |
| 005 |
20250723120308.0 |
| 008 |
250723t2013 maua b 001 0 eng |
| 010 |
|
|
|a 2010047005
|
| 020 |
|
|
|a 9780132164948
|
| 020 |
|
|
|a 9788131790311
|
| 035 |
|
|
|a 16533437
|
| 040 |
|
|
|a DLC
|c DLC
|d DLC
|d BD-DhAAL
|
| 042 |
|
|
|a pcc
|
| 050 |
0 |
0 |
|a HG6024.A3
|b H85 2012
|
| 082 |
0 |
0 |
|a 332.645
|2 23
|
| 100 |
1 |
|
|a Hull, John,
|d 1946-
|9 40855
|
| 245 |
1 |
0 |
|a Options, futures, and other derivatives /
|c John C. Hull, Sankarshan Basu.
|
| 250 |
|
|
|a Eighth edition.
|
| 260 |
|
|
|a New Delhi :
|b Pearson,
|c c2013 [Second Impression 2014].
|
| 300 |
|
|
|a xxi, 872 pages :
|b illustration ;
|c 26 cm
|
| 504 |
|
|
|a Includes bibliographical references and index.
|
| 541 |
|
|
|a Donated by Farhana Zahir (Assistant Professor, BRAC Business School)
|e 44514
|
| 650 |
|
0 |
|a Futures.
|
| 650 |
|
0 |
|a Stock options.
|9 40857
|
| 650 |
|
0 |
|a Derivative securities.
|
| 700 |
|
|
|a Basu, Sankarshan.
|9 40859
|
| 852 |
|
|
|a Ayesha Abed Library
|c General stacks
|
| 942 |
|
|
|2 ddc
|c BK
|
| 999 |
|
|
|c 47343
|d 47343
|
| 952 |
|
|
|0 0
|1 0
|2 ddc
|4 0
|6 332_645000000000000_HUL
|7 0
|9 77891
|a BRACUL
|b BRACUL
|c GEN
|d 2025-07-23
|e Donated by Farhana Zahir (Assistant Professor, BBS)
|l 0
|o 332.645 HUL
|p 3010044514
|r 2025-07-23
|t 1
|w 2025-07-23
|y BK
|x Donated by Farhana Zahir, Assistant Professor, BBS, BRAC University ; Price not available in the Book
|